[Event "38th Olympiad"]
[Site "Dresden GER"]
[Date "2008.11.16"]
[Round "4"]
[White "Efimenko,Z"]
[Black "Sargissian,G"]
[Result "1/2-1/2"]
[WhiteElo "2680"]
[BlackElo "2642"]
[EventDate "2008.11.13"]

1. e4 e5 2. Nf3 Nc6 3. Bb5 a6 4. Ba4 Nf6 5. O-O Be7 6. Re1 b5 7. Bb3 O-O 8.
c3 d5 9. exd5 Nxd5 10. Nxe5 Nxe5 11. Rxe5 c6 12. d4 Bd6 13. Re1 Qh4 14. g3
Qh3 15. Be3 Bg4 16. Qd3 Rae8 17. Nd2 Qh5 18. Bc2 f5 19. f3 Bh3 20. Bf2 Nf4
21. gxf4 Bxf4 22. Bg3 Qg5 23. Nf1 h5 24. Kf2 h4 25. Rxe8 Rxe8 26. Re1 hxg3+
27. hxg3 Rd8 28. Ke2 Bxf1+ 29. Rxf1 Re8+ 30. Kd1 Qxg3 31. Qxf5 Re1+ 32.
Rxe1 Qxf3+ 33. Re2 Qf1+ 34. Re1 Qf3+ 1/2-1/2

[Event "38th Olympiad"]
[Site "Dresden GER"]
[Date "2008.11.16"]
[Round "4"]
[White "Baramidze,D"]
[Black "Khamrakulov,I"]
[Result "1-0"]
[WhiteElo "2557"]
[BlackElo "2580"]
[EventDate "2008.11.13"]

1. e4 e6 2. d4 d5 3. Nc3 dxe4 4. Nxe4 Nd7 5. Bd3 Ngf6 6. Qe2 c5 7. Nxf6+
Nxf6 8. Bd2 cxd4 9. O-O-O Bd7 10. Nf3 Qc7 11. Nxd4 O-O-O 12. Kb1 Bc5 13.
Nb3 Bb6 14. c4 Bc6 15. f3 Qe7 16. Na5 Ba4 17. Bc2 Bxc2+ 18. Kxc2 Qc5 19.
Nb3 Qf5+ 20. Kc1 Rd7 21. g4 Qd3 22. Qxd3 Rxd3 23. Rhf1 Rhd8 24. Kc2 e5 25.
Bc3 Rxd1 26. Rxd1 Rxd1 27. Kxd1 Nd7 28. Nd2 a5 29. Ne4 Bc7 30. Ng5 f6 31.
Ne6 b6 32. Nxg7 e4 33. fxe4 Bxh2 34. Nh5 Be5 35. Bxe5 fxe5 36. g5 Kd8 37.
Nf6 Nxf6 38. gxf6 Kd7 39. a3 a4 40. b4 axb3 41. a4 h5 42. c5 bxc5 43. a5 h4
44. f7 1-0

[Event "38th Olympiad"]
[Site "Dresden GER"]
[Date "2008.11.16"]
[Round "4"]
[White "Stellwagen,D"]
[Black "Olsen,H"]
[Result "1-0"]
[WhiteElo "2605"]
[BlackElo "2376"]
[EventDate "2008.11.13"]

1. e4 e5 2. Nf3 Nc6 3. Bb5 a6 4. Ba4 Nf6 5. O-O Be7 6. Re1 b5 7. Bb3 d6 8.
c3 O-O 9. h3 Na5 10. Bc2 c5 11. d4 Qc7 12. Nbd2 Bd7 13. Nf1 Nc4 14. b3 Nb6
15. Ne3 c4 16. bxc4 Nxc4 17. Nxc4 bxc4 18. Ba3 Rfe8 19. Qd2 Rab8 20. Rad1
Bf8 21. Bb4 Bc6 22. Qc1 Qb7 23. d5 Bd7 24. Qa3 Qc7 25. Ba5 Qc8 26. Bb4 Qc7
27. Nd2 Rec8 28. Ba5 Qa7 29. Rb1 Bb5 30. Rb4 g6 31. Reb1 Bh6 32. Nf3 Be3
33. fxe3 Qxe3+ 34. Kh1 Nxe4 35. Bxe4 Qxe4 36. Qc1 Ra8 37. a4 Bd7 38. Rb7
Bxh3 39. Qh6 Bxg2+ 40. Kxg2 Qg4+ 41. Kf2 e4 42. Nd4 Re8 43. Rh1 e3+ 44. Ke1
Qg3+ 45. Kd1 e2+ 46. Nxe2 Qd3+ 47. Kc1 1-0

[Event "38th Olympiad"]
[Site "Dresden GER"]
[Date "2008.11.16"]
[Round "4"]
[White "Rodgaard,J"]
[Black "L'Ami,E"]
[Result "0-1"]
[WhiteElo "2383"]
[BlackElo "2610"]
[EventDate "2008.11.13"]

1. c4 e5 2. Nc3 Nf6 3. Nf3 Nc6 4. e3 Bb4 5. Qc2 d6 6. d3 O-O 7. Be2 Ne7 8.
O-O Ng6 9. Bd2 c6 10. Rac1 a6 11. Ne4 Bxd2 12. Nexd2 h6 13. Rfd1 Qe7 14.
Ne4 Ne8 15. Nc3 f5 16. Re1 Nf6 17. Nd2 f4 18. Nde4 Nh7 19. d4 Bf5 20. Bd3
Rad8 21. d5 Kh8 22. Nd2 Bxd3 23. Qxd3 Qf7 24. f3 fxe3 25. Qxe3 Nf4 26. Nde4
Qg6 27. Qd2 Nf6 28. Nxf6 gxf6 29. Kh1 Nd3 30. Ne4 Nxc1 31. Rxc1 f5 32. Ng3
Kh7 33. Rd1 c5 34. f4 Rde8 35. Nf1 exf4 36. Qxf4 Qg4 37. Qc1 Re2 38. Ng3
Re5 39. Rf1 f4 40. Qc2+ Qg6 41. Qd2 fxg3 42. Rxf8 Qb1+ 0-1

[Event "38th Olympiad"]
[Site "Dresden GER"]
[Date "2008.11.16"]
[Round "4"]
[White "Stojanovic,Da"]
[Black "Heidenfeld,M"]
[Result "1-0"]
[WhiteElo "2455"]
[BlackElo "2364"]
[EventDate "2008.11.13"]

1. e4 e6 2. d4 d5 3. e5 c5 4. c3 Bd7 5. Nf3 Qb6 6. Bd3 cxd4 7. Nxd4 Bc5 8.
Qg4 g6 9. Nd2 Nc6 10. Nxc6 Bxf2+ 11. Kd1 Bxc6 12. Rf1 Nh6 13. Qe2 Be3 14.
Rf3 Bg5 15. h4 Bxh4 16. Kc2 Bg5 17. Rg3 Be7 18. Rh3 Nf5 19. g4 Nh4 20. Nb3
g5 21. Be3 Qc7 22. Qf2 b6 23. a4 Ng6 24. Bxg6 fxg6 25. Nd4 Bd7 26. Rah1
Qxe5 27. Rxh7 Qe4+ 28. Kd2 Rf8 29. Qh2 e5 30. Re1 Bf6 31. Nb5 Bxb5 32. axb5
O-O-O 33. Bxb6 Qxg4 34. Bxd8 Rxd8 35. Qe2 Qa4 36. Qd3 Qa2 37. Kc2 Qa4+ 38.
Kb1 e4 39. Qh3+ Kb8 40. Qg3+ Ka8 41. Qc7 1-0

[Event "38th Olympiad"]
[Site "Dresden GER"]
[Date "2008.11.16"]
[Round "4"]
[White "Rozentalis,E"]
[Black "Arias,Le"]
[Result "1-0"]
[WhiteElo "2577"]
[BlackElo "2372"]
[EventDate "2008.11.13"]

1. e4 c5 2. Nf3 e6 3. c3 Nf6 4. e5 Nd5 5. Bc4 Nb6 6. Bb3 Nc6 7. O-O d6 8.
exd6 Bxd6 9. d4 O-O 10. Bc2 cxd4 11. cxd4 Nd5 12. Nc3 Nxc3 13. bxc3 e5 14.
dxe5 Bxe5 15. Nxe5 Qxd1 16. Rxd1 Nxe5 17. Ba3 Re8 18. Ba4 Nc6 19. Rab1 h6
20. f3 a6 21. Rb6 Rd8 22. Re1 Be6 23. Rxb7 Na5 24. Rc7 Bxa2 25. Bb4 Nc4 26.
Bc6 Rab8 27. Ra7 Rb6 28. Be8 Rf6 29. Bc5 Nd6 30. Ba4 Nf5 31. Bc2 Bc4 32.
Bf2 Bd3 33. Bb3 Rc8 34. h4 Rxc3 35. Re8+ Kh7 36. h5 Nd6 37. Rd8 Rc8 38.
Rad7 Rc1+ 39. Kh2 Bc4 40. Be3 Rc3 41. Bxc4 1-0

[Event "38th Olympiad"]
[Site "Dresden GER"]
[Date "2008.11.16"]
[Round "4"]
[White "Sarakauskas,G"]
[Black "Martinez,Ne"]
[Result "1-0"]
[WhiteElo "2429"]
[BlackElo "2149"]
[EventDate "2008.11.13"]

1. e4 c5 2. Nf3 d6 3. Bb5+ Nd7 4. d4 Ngf6 5. O-O a6 6. Bxd7+ Nxd7 7. dxc5
Nxc5 8. Nc3 e6 9. Bg5 Qc7 10. Re1 Nd7 11. Nd4 h6 12. Nxe6 Qb8 13. Bh4 Ne5
14. Nxf8 Kxf8 15. Qd4 Be6 16. Rad1 b5 17. f4 Nc4 18. b3 Na3 19. Qxd6+ Qxd6
20. Rxd6 g5 21. fxg5 hxg5 22. Bxg5 Kg7 23. Nd5 Rh5 24. Bf6+ Kg8 25. Nf4 Rc5
26. c3 a5 27. Re3 1-0

[Event "38th Olympiad"]
[Site "Dresden GER"]
[Date "2008.11.16"]
[Round "4"]
[White "Vuckovic,Bo"]
[Black "Macias Murillo,B"]
[Result "1-0"]
[WhiteElo "2561"]
[BlackElo "2333"]
[EventDate "2008.11.13"]

1. e4 c5 2. Nf3 e6 3. d4 cxd4 4. Nxd4 a6 5. c4 Nf6 6. Nc3 d6 7. Be2 b6 8.
Be3 Bb7 9. f3 Nbd7 10. O-O Be7 11. Rc1 O-O 12. a3 Qc7 13. b4 Rfe8 14. Qd2
Rac8 15. Kh1 Qb8 16. Rc2 Bd8 17. Na4 Bc7 18. Bg1 Qa8 19. Rb1 Ne5 20. Nb2
Kh8 21. Nd3 Red8 22. Qc1 h6 23. Be3 Nfd7 24. Nb3 Nf6 25. a4 Bc6 26. Nxe5
dxe5 27. b5 Be8 28. a5 bxa5 29. b6 a4 30. Na5 Bxb6 31. Bxb6 Rd7 32. c5 Rd4
33. c6 Rd6 34. Bc5 1-0

[Event "38th Olympiad"]
[Site "Dresden GER"]
[Date "2008.11.16"]
[Round "4"]
[White "Mchedlishvili,M"]
[Black "Damaso,R"]
[Result "1-0"]
[WhiteElo "2615"]
[BlackElo "2424"]
[EventDate "2008.11.13"]

1. d4 Nf6 2. c4 e6 3. Nf3 c5 4. d5 d6 5. h3 g6 6. Nc3 exd5 7. cxd5 Bg7 8.
e4 O-O 9. Bg5 a6 10. a4 h6 11. Be3 Nbd7 12. Bd3 Re8 13. O-O g5 14. Ra3 g4
15. hxg4 Nxg4 16. Bf4 Nde5 17. Nxe5 Bxe5 18. Bxe5 Rxe5 19. Be2 h5 20. Qd2
Bd7 21. f3 Nf6 22. Qh6 Rb8 23. f4 Re8 24. e5 1-0

[Event "38th Olympiad"]
[Site "Dresden GER"]
[Date "2008.11.16"]
[Round "4"]
[White "Gelfand,B"]
[Black "Adly,A"]
[Result "1-0"]
[WhiteElo "2719"]
[BlackElo "2586"]
[EventDate "2008.11.13"]

1. d4 d5 2. c4 c6 3. Nf3 Nf6 4. Nc3 Bf5 5. cxd5 cxd5 6. Qb3 Qb6 7. Nxd5
Nxd5 8. Qxd5 e6 9. Qb3 Bb4+ 10. Bd2 Nc6 11. e3 Rc8 12. a3 Bxd2+ 13. Nxd2
Qa5 14. Qb5 Qc7 15. Be2 O-O 16. O-O a6 17. Qc5 Rfd8 18. Rac1 Qb8 19. Qb6 e5
20. Nb3 Rd6 21. dxe5 Rg6 22. Rfd1 h6 23. Rd6 Nxe5 24. Rxc8+ Qxc8 25. Rd8+
Kh7 26. Qxg6+ Kxg6 27. Rxc8 Bxc8 28. f4 Nc6 29. Bf3 Nd8 30. e4 Kf6 31. Kf2
Ke7 32. Ke3 f6 33. e5 g5 34. exf6+ Kxf6 35. Nc5 gxf4+ 36. Kxf4 a5 37. Bd5
b6 38. Ne4+ Ke7 39. Ke5 Be6 40. Nd6 Kd7 41. Bxe6+ Nxe6 42. Nc4 Nc5 43.
Nxb6+ Kc6 44. Nc4 Kb5 45. Kd4 Ne6+ 46. Kc3 a4 47. Nd6+ Kc5 48. Ne4+ Kb5 49.
g4 Nf4 50. h4 Ne2+ 51. Kd3 Nf4+ 52. Kd4 Ne6+ 53. Ke5 Nf8 54. Kd5 Ng6 55.
Nc3+ Ka5 56. h5 Nf4+ 57. Ke4 Nh3 1-0

[Event "38th Olympiad"]
[Site "Dresden GER"]
[Date "2008.11.16"]
[Round "4"]
[White "Avrukh,B"]
[Black "Ezat,M"]
[Result "1-0"]
[WhiteElo "2657"]
[BlackElo "2425"]
[EventDate "2008.11.13"]

1. d4 Nf6 2. c4 g6 3. g3 Bg7 4. Bg2 O-O 5. Nc3 d6 6. Nf3 Nc6 7. O-O Bg4 8.
d5 Na5 9. Nd2 c6 10. b4 Nxd5 11. cxd5 Bxc3 12. Rb1 Bxd2 13. Bxd2 Nc4 14.
Bh6 Ne5 15. Bxf8 Qxf8 16. h3 Bd7 17. Rc1 cxd5 18. Qxd5 Bc6 19. Qb3 Qd8 20.
Rc2 a5 21. b5 Bxg2 22. Kxg2 Nd7 23. Rd1 a4 24. Qc4 Qb6 25. e4 a3 26. Rc3
Ne5 27. Qb3 Nd7 28. Rb1 Nc5 29. Qc4 e5 30. Rf3 Qc7 31. Rb4 Qe7 32. Qc1 d5
33. Rxa3 Rxa3 34. Qxa3 Nxe4 35. Ra4 Nc5 36. b6 Qd6 37. Ra5 Ne4 38. Qxd6
Nxd6 39. Rxd5 Nc4 40. Rb5 Kf8 41. a4 Ke7 42. a5 Kd6 43. a6 bxa6 44. b7 axb5
45. b8=Q+ Kc5 46. Kf1 b4 47. Ke2 f5 48. Qa7+ Kd5 49. Qxh7 Kd4 50. Qd7+ 1-0

[Event "38th Olympiad"]
[Site "Dresden GER"]
[Date "2008.11.16"]
[Round "4"]
[White "Gonzales,Jay"]
[Black "Kotronias,V"]
[Result "0-1"]
[WhiteElo "2469"]
[BlackElo "2587"]
[EventDate "2008.11.13"]

1. Nf3 Nf6 2. c4 g6 3. Nc3 Bg7 4. g3 O-O 5. Bg2 d6 6. O-O e5 7. h3 c6 8. e4
Nbd7 9. Rb1 Nc5 10. d4 Ncxe4 11. dxe5 dxe5 12. Qxd8 Rxd8 13. Nxe5 Bf5 14.
Ra1 Nxc3 15. bxc3 Nd7 16. Nxd7 Rxd7 17. Be3 Bxc3 18. Rad1 Rdd8 19. Rxd8+
Rxd8 20. Bxa7 Ra8 21. Be3 Rxa2 22. Rd1 Ra1 23. Rxa1 Bxa1 24. Bf1 Kg7 25. g4
Bc2 26. f4 Ba4 27. c5 Bb5 28. Bg2 Kf6 29. Kf2 Ke6 30. Bf3 f5 31. g5 Bd3 32.
h4 Bc3 33. h5 Bb4 34. h6 Bc3 35. Kg1 Be1 36. Kh2 Kd7 37. Bd4 Bc4 38. Be3
Kc8 39. Bd4 Kb8 40. Bh5 gxh5 41. g6 Bg8 0-1

[Event "38th Olympiad"]
[Site "Dresden GER"]
[Date "2008.11.16"]
[Round "4"]
[White "Halkias,S"]
[Black "Gomez,Joh"]
[Result "0-1"]
[WhiteElo "2584"]
[BlackElo "2519"]
[EventDate "2008.11.13"]

1. Nf3 Nf6 2. c4 e6 3. Nc3 Bb4 4. g4 d6 5. g5 Nfd7 6. Qc2 Nc6 7. a3 Bxc3 8.
Qxc3 e5 9. b4 a5 10. b5 Ne7 11. d4 exd4 12. Qxd4 O-O 13. Bb2 Nf5 14. Qf4
Nc5 15. Bh3 Ne7 16. Qd4 f6 17. gxf6 Bxh3 18. fxe7 Qxe7 19. Rg1 Ne6 20. Qc3
Rf7 21. Rg3 Re8 22. O-O-O Bf5 23. Nd4 Nxd4 24. Qxd4 Bg6 25. Rd2 Qd7 26. f3
Qf5 27. e4 Qf4 28. Kb1 b6 29. Qc3 Re5 30. Qc1 Rh5 31. Rdg2 Qh4 32. Ka1 Qe7
33. Qe3 Qf8 34. Rf2 Rh4 35. Qc3 Rxe4 36. fxe4 Rxf2 37. h4 Rf7 38. e5 Rf1+
39. Ka2 a4 40. Rxg6 hxg6 41. exd6 cxd6 42. Qd4 Qf7 43. Qd3 Rf3 44. Qc2 d5
45. c5 d4+ 46. Kb1 d3 47. Qc3 Rf1+ 48. Bc1 Qf5 49. Kb2 Kh7 50. Bd2 bxc5 51.
Qc4 Qe5+ 52. Qc3 Qe2 53. h5 Rd1 54. hxg6+ Kxg6 0-1

[Event "38th Olympiad"]
[Site "Dresden GER"]
[Date "2008.11.16"]
[Round "4"]
[White "Hatanbaatar,B"]
[Black "Cheparinov,I"]
[Result "1/2-1/2"]
[WhiteElo "2375"]
[BlackElo "2696"]
[EventDate "2008.11.13"]

1. e4 c6 2. Nc3 d5 3. Nf3 Bg4 4. h3 Bxf3 5. Qxf3 e6 6. d3 Nd7 7. Bd2 Qb6 8.
O-O-O Bb4 9. Qg3 g6 10. f4 d4 11. Nb1 Ne7 12. Qh4 c5 13. g4 Nc6 14. e5 c4
15. dxc4 Bxd2+ 16. Nxd2 Nb4 17. Kb1 Qc6 18. Bd3 Nc5 19. Qg3 Ncxd3 20. a3
Nxb2 21. Kxb2 Na6 22. Qf3 Qb6+ 23. Qb3 Nc5 24. Qxb6 axb6 25. Nb3 Na4+ 26.
Ka1 Ke7 27. Rxd4 Rhc8 28. Rf1 b5 29. cxb5 Rxc2 30. Rc1 Rxc1+ 31. Nxc1 Nc3
32. Kb2 Nxb5 33. Rb4 Nxa3 34. Rxb7+ Kf8 35. Nd3 Nc4+ 36. Kc3 Ne3 37. Kd4
Nd5 38. f5 Rd8 39. fxe6 Nf4+ 40. Ke3 Nxe6 41. Nf4 Nxf4 42. Ke4 1/2-1/2

[Event "38th Olympiad"]
[Site "Dresden GER"]
[Date "2008.11.16"]
[Round "4"]
[White "Kozul,Z"]
[Black "Cekro,E"]
[Result "1-0"]
[WhiteElo "2593"]
[BlackElo "2419"]
[EventDate "2008.11.13"]

1. d4 Nf6 2. c4 e6 3. Nf3 b6 4. g3 Bb4+ 5. Bd2 Be7 6. Bg2 Bb7 7. Nc3 d6 8.
O-O O-O 9. Qc2 Nbd7 10. e4 c5 11. d5 Ne8 12. Bh3 Nc7 13. a4 a5 14. Ne1 Bf6
15. f4 Bd4+ 16. Kh1 f5 17. Bg2 Nf6 18. exf5 exd5 19. Ne2 Ba6 20. Nxd4 cxd4
21. Nf3 d3 22. Qb3 dxc4 23. Qxb6 Rb8 24. Qd4 Re8 25. Bxa5 Re2 26. Nd2 d5
27. Bf3 Re7 28. Rfe1 Ne4 29. Nxe4 dxe4 30. Qxd8+ Rxd8 31. Rxe4 Red7 32. Re6
Bc8 33. Re5 Ba6 34. Rc5 Rb8 35. Rxc7 Rxc7 36. Bxc7 Rxb2 37. Bd5+ Kf8 38.
Re1 1-0

[Event "38th Olympiad"]
[Site "Dresden GER"]
[Date "2008.11.16"]
[Round "4"]
[White "Jovanovic,Zo CRO"]
[Black "Saiboulatov,D"]
[Result "0-1"]
[WhiteElo "2564"]
[BlackElo "2360"]
[EventDate "2008.11.13"]

1. e4 e6 2. d4 d5 3. Nc3 Bb4 4. Nge2 dxe4 5. a3 Be7 6. Nxe4 Nf6 7. N2g3 O-O
8. c3 Nxe4 9. Nxe4 Qd5 10. Qf3 b6 11. Bd3 Bb7 12. O-O Nd7 13. Re1 c5 14.
Qh3 f5 15. Nd2 Rf6 16. Bc4 Qc6 17. Qf3 Qc7 18. Rxe6 Kh8 19. Qe2 Bd6 20. Nf3
cxd4 21. Nxd4 Bxh2+ 22. Kf1 Rxe6 23. Qxe6 Nc5 24. Qxf5 Be4 25. Qh5 Rf8 26.
Be3 Nd3 27. Bxd3 Bxd3+ 28. Ke1 Bg6 29. Qh4 Re8 30. g3 Rxe3+ 31. Kf1 Bxg3
32. fxg3 Rxg3 33. Kf2 Rd3 34. Re1 Rd2+ 35. Re2 Qf7+ 36. Ke1 Rxe2+ 37. Nxe2
h6 38. a4 Qf5 39. Qg3 Kh7 40. b4 Qb1+ 41. Kf2 Qc2 42. Kg1 0-1

[Event "38th Olympiad"]
[Site "Dresden GER"]
[Date "2008.11.16"]
[Round "4"]
[White "Nguyen Van Huy"]
[Black "Sano,T"]
[Result "1-0"]
[WhiteElo "2422"]
[BlackElo "2111"]
[EventDate "2008.11.13"]

1. e4 e5 2. Nf3 Nc6 3. Nc3 Nf6 4. d4 exd4 5. Nxd4 Bb4 6. Nxc6 bxc6 7. Bd3
d5 8. exd5 cxd5 9. O-O O-O 10. Bg5 c6 11. Qf3 Bd6 12. Rae1 Rb8 13. Nd1 h6
14. Bxf6 Qxf6 15. Qxf6 gxf6 16. b3 a5 17. Ne3 Be5 18. Nf5 Bxf5 19. Bxf5 Rb4
20. g3 Rd8 21. Kg2 Rbb8 22. Re3 Kg7 23. Rd1 c5 24. Red3 d4 25. Rf3 Bd6 26.
Bd3 Re8 27. a4 Re5 28. Bb5 Bf8 29. h4 Rb6 30. Bc4 Rb7 31. c3 Rd7 32. Rf4 f5
33. cxd4 cxd4 34. Rfxd4 Rxd4 35. Rxd4 Bb4 36. Rd7 Re7 37. Rd5 Kf6 38. f4
Re3 39. Kf2 Rc3 40. Rd7 Rc2+ 41. Kf3 Rc3+ 42. Kg2 Re3 43. Rxf7+ Kg6 44. h5+
Kxh5 45. Rg7 1-0

[Event "38th Olympiad"]
[Site "Dresden GER"]
[Date "2008.11.16"]
[Round "4"]
[White "Noguchi,K"]
[Black "Tu Hoang Thong"]
[Result "0-1"]
[WhiteElo "2018"]
[BlackElo "2496"]
[EventDate "2008.11.13"]

1. c4 f5 2. g3 Nf6 3. Bg2 d6 4. Nc3 e5 5. d3 Be7 6. e3 O-O 7. Nge2 c6 8.
O-O Na6 9. Rb1 Qe8 10. b4 Nc7 11. b5 c5 12. a4 Rb8 13. b6 axb6 14. Rxb6 Kh8
15. d4 Qf7 16. dxe5 dxe5 17. Nd5 Rd8 18. Qb3 Ncxd5 19. cxd5 Nd7 20. Rb5 b6
21. Rd1 Bd6 22. Qc2 Ba6 23. Rb1 e4 24. Nf4 Bxf4 25. exf4 Nf6 26. a5 Bd3 27.
Rxd3 exd3 28. Qxd3 Nxd5 29. Qc4 Ne3 0-1

[Event "38th Olympiad"]
[Site "Dresden GER"]
[Date "2008.11.16"]
[Round "4"]
[White "Bondarets,V"]
[Black "Carlsson,P"]
[Result "0-1"]
[WhiteElo "2345"]
[BlackElo "2515"]
[EventDate "2008.11.13"]

1. e4 c5 2. Nf3 d6 3. c3 Nf6 4. h3 g6 5. Bd3 Bg7 6. Bc2 e5 7. d4 exd4 8.
cxd4 cxd4 9. Nxd4 O-O 10. O-O Nc6 11. Re1 Re8 12. Nxc6 bxc6 13. Nc3 d5 14.
Bg5 h6 15. Bh4 g5 16. Bg3 d4 17. Na4 Nd7 18. Qh5 Ne5 19. Rad1 Qf6 20. Nc5
Rb8 21. b3 g4 22. a4 gxh3 23. f4 Qe7 24. fxe5 Qxc5 25. Bd3 Rxb3 26. Rf1
Rxd3 27. Qxf7+ Kh7 28. Rxd3 Qc2 29. Bf2 Qxd3 30. Qxe8 Qxe4 31. gxh3 Bxh3
0-1

[Event "38th Olympiad"]
[Site "Dresden GER"]
[Date "2008.11.16"]
[Round "4"]
[White "Braga,C"]
[Black "Khamrakulov,D"]
[Result "0-1"]
[WhiteElo "2415"]
[BlackElo "2533"]
[EventDate "2008.11.13"]

1. Nf3 c5 2. g3 Nc6 3. Bg2 d5 4. O-O e5 5. d3 Nf6 6. Bg5 Be7 7. Nfd2 Be6 8.
e4 dxe4 9. dxe4 Ng4 10. Bxe7 Nxe7 11. Nc3 O-O 12. Qe2 Nc6 13. Nd5 Nd4 14.
Qd1 f5 15. c3 Nb5 16. h3 Nh6 17. exf5 Bxd5 18. Bxd5+ Qxd5 19. c4 Qf7 20.
cxb5 Nxf5 21. Qb3 Qxb3 22. Nxb3 b6 23. Nd2 Nd4 24. a4 Rad8 25. Nc4 e4 26.
Kg2 Nb3 27. Ra3 Rd4 28. Ne3 Na5 29. Rd1 Rfd8 30. Raa1 Nb3 31. Rab1 Kf7 32.
Rxd4 cxd4 33. Nc4 Ke6 34. Rd1 Rc8 35. Nd2 Nxd2 36. Rxd2 Kd5 37. h4 d3 38.
b3 Kd4 39. Rd1 Rc2 40. Kf1 Rb2 0-1

[Event "38th Olympiad"]
[Site "Dresden GER"]
[Date "2008.11.16"]
[Round "4"]
[White "Barsov,A"]
[Black "Diamant,A"]
[Result "0-1"]
[WhiteElo "2513"]
[BlackElo "2412"]
[EventDate "2008.11.13"]

1. d4 Nf6 2. c4 g6 3. Nf3 Bg7 4. g3 d5 5. cxd5 Nxd5 6. Bg2 Nb6 7. Nc3 O-O
8. O-O Nc6 9. e3 e5 10. d5 Ne7 11. e4 Bg4 12. a4 c6 13. a5 Nc4 14. a6 cxd5
15. exd5 b6 16. Qa4 Rc8 17. Nd2 Bd7 18. Qb4 Nxd2 19. Bxd2 Nf5 20. Rfc1 Nd4
21. Be3 Nf5 22. Bd2 Nd4 23. Be3 Nf5 24. Bd2 Re8 25. Ne4 Nd4 26. Rxc8 Bxc8
27. Ra2 f5 28. Bg5 Qc7 29. Nd6 Qc2 30. Qe1 Rf8 31. Nxc8 Qxc8 32. Be7 Re8
33. d6 Qd7 34. Bd5+ Kh8 35. Qb4 Rc8 36. Qxb6 f4 37. Qb7 Qh3 38. Ra1 e4 39.
Bxe4 Ne2+ 40. Kh1 fxg3 41. Qxc8+ Qxc8 42. Bg2 gxf2 43. Rf1 Qf5 44. Bh4 Bd4
45. b4 Qf4 46. Be7 Be5 0-1

[Event "38th Olympiad"]
[Site "Dresden GER"]
[Date "2008.11.16"]
[Round "4"]
[White "Aleksandrov,A"]
[Black "Djuraev,S"]
[Result "1/2-1/2"]
[WhiteElo "2617"]
[BlackElo "2339"]
[EventDate "2008.11.13"]

1. d4 d6 2. c4 e5 3. Nc3 exd4 4. Qxd4 Nc6 5. Qd2 Nf6 6. b3 a5 7. Bb2 a4 8.
Nd5 Be7 9. Nxe7 Qxe7 10. f3 O-O 11. e3 Re8 12. Kf2 d5 13. Ne2 Ne5 14. cxd5
Neg4+ 15. Kg1 Nxe3 16. d6 cxd6 17. Nd4 Bd7 18. Bd3 a3 19. Bc3 Nfd5 20. Re1
Nxc3 21. Qxc3 Rac8 22. Qd2 Qe5 23. Bxh7+ Kxh7 24. Kf2 Qxd4 25. Qxd4 Rc2+
26. Re2 Rxe2+ 27. Kxe2 Nc2+ 28. Qe4+ Rxe4+ 29. fxe4 Nb4 30. Kd2 Kg6 31. Ra1
Kf6 32. Kc3 Nc6 33. Rd1 Ke6 34. Rd5 b6 35. Rb5 Nd4 36. Rxb6 Ke5 37. Rb7 Be6
38. Rb4 Ne2+ 39. Kd2 Nf4 40. g3 Nh5 41. Rb5+ d5 42. exd5 Bxd5 43. Ra5 f5
44. Rxa3 g5 45. b4 Nf6 46. Ra7 f4 47. gxf4+ gxf4 48. h3 Ne4+ 49. Ke2 Nc3+
50. Kf2 f3 51. Kg3 Kd4 52. Re7 Be4 53. Rc7 Nd5 54. Rf7 Ke3 55. b5 Nc3 56.
b6 Ne2+ 57. Kg4 f2 58. h4 Nd4 59. Rxf2 Kxf2 60. h5 Ke3 61. h6 Nf3 62. b7
Ne5+ 63. Kg5 Nd7 64. a4 Kd4 65. a5 Kc5 66. a6 Kb6 67. b8=R Nxb8 68. Kf6
Nxa6 69. Kg7 Nc7 70. h7 Ne8+ 71. Kf8 Bxh7 72. Kxe8 1/2-1/2

[Event "38th Olympiad"]
[Site "Dresden GER"]
[Date "2008.11.16"]
[Round "4"]
[White "Svetushkin,D"]
[Black "Kristjansson,St"]
[Result "1-0"]
[WhiteElo "2588"]
[BlackElo "2474"]
[EventDate "2008.11.13"]

1. d4 Nf6 2. c4 c5 3. d5 e6 4. Nc3 exd5 5. cxd5 d6 6. e4 g6 7. h3 Bg7 8.
Nf3 O-O 9. Bd3 b5 10. O-O b4 11. Ne2 Re8 12. Qc2 Ba6 13. Bxa6 Nxa6 14. Ng3
Nd7 15. Bg5 Qc7 16. Rac1 Nb6 17. Qd2 c4 18. Rfd1 c3 19. Qf4 f6 20. Bh6 g5
21. Bxg5 fxg5 22. Nxg5 Nc5 23. bxc3 bxc3 24. Qg4 Qd7 25. Nf5 h6 26. Ne6 Re7
27. Rxc3 Nxe6 28. dxe6 Qxe6 29. Rg3 Rd8 30. Qh4 Rdd7 31. Nxh6+ Kf8 32. Rf3+
Ke8 33. Nf5 Rf7 34. Qg4 Kd8 35. Rxd6 Rxd6 36. Nxd6 Re7 37. Nf5 Rd7 38. Qg5+
Bf6 39. Nd4 Rxd4 40. Rxf6 Rd1+ 41. Kh2 1-0

[Event "38th Olympiad"]
[Site "Dresden GER"]
[Date "2008.11.16"]
[Round "4"]
[White "Thorhallsson,T"]
[Black "Sanduleac,V"]
[Result "1/2-1/2"]
[WhiteElo "2455"]
[BlackElo "2443"]
[EventDate "2008.11.13"]

1. e4 c6 2. d4 d5 3. exd5 cxd5 4. c4 Nf6 5. Nc3 e6 6. Nf3 Bb4 7. Bd3 dxc4
8. Bxc4 O-O 9. O-O Nbd7 10. Bg5 Be7 11. Re1 Nb6 12. Bd3 Bd7 13. Qe2 Bc6 14.
Rad1 Nbd5 15. Ne5 Rc8 16. Nxc6 bxc6 17. Bc4 Nxc3 18. bxc3 Nd5 19. Bd2 Bg5
20. Bxg5 Qxg5 21. Qf3 Qf6 22. Qg3 Qg6 23. Qf3 Qf6 24. Qg3 Rfd8 25. h3 Qg6
26. Qf3 Qf6 27. Qg3 Qg6 28. Qf3 Qf6 29. Qg3 Qg6 30. Qf3 Qf6 1/2-1/2

[Event "38th Olympiad"]
[Site "Dresden GER"]
[Date "2008.11.16"]
[Round "4"]
[White "Quezada Perez,Y"]
[Black "Prasca Sosa,R"]
[Result "1-0"]
[WhiteElo "2580"]
[BlackElo "2410"]
[EventDate "2008.11.13"]

1. e4 c5 2. Nf3 Nc6 3. d4 cxd4 4. Nxd4 e5 5. Nb5 d6 6. c4 Be7 7. N1c3 a6 8.
Na3 Nf6 9. Be2 O-O 10. Be3 Be6 11. Qd2 Rc8 12. O-O h6 13. Rfd1 Ng4 14. Bxg4
Bxg4 15. Re1 Bg5 16. Nc2 Be6 17. b3 Qa5 18. Bxg5 hxg5 19. a4 Rfd8 20. Re3
f6 21. Rd3 Kf7 22. Rb1 Rd7 23. Qd1 Qd8 24. Qh5+ Kg8 25. Rbd1 Qf8 26. R1d2
Rcd8 27. Nd5 Na7 28. Nb6 Rc7 29. Qd1 Rc6 30. a5 Nc8 31. Nxc8 Rcxc8 32. Rxd6
Rxd6 33. Rxd6 Qe7 34. Ne3 Kf7 35. Nf5 Bxf5 36. exf5 Kg8 37. g3 Rf8 38. Rd7
Qc5 39. Rxb7 Qc6 40. Rb6 Qc7 41. Qd5+ Kh7 42. Rb7 Qc8 43. Rd7 1-0

[Event "38th Olympiad"]
[Site "Dresden GER"]
[Date "2008.11.16"]
[Round "4"]
[White "Soto Paez,O"]
[Black "Nogueiras Santiago,J"]
[Result "0-1"]
[WhiteElo "2396"]
[BlackElo "2574"]
[EventDate "2008.11.13"]

1. e4 Nf6 2. e5 Nd5 3. d4 d6 4. Nf3 g6 5. Bc4 c6 6. h3 Bg7 7. O-O O-O 8.
Re1 Bf5 9. c3 dxe5 10. Nxe5 Nd7 11. Nf3 Re8 12. Nbd2 N7b6 13. Bb3 Qc7 14.
Ne4 Rad8 15. Bd2 Bxe4 16. Rxe4 c5 17. dxc5 Qxc5 18. Qe2 e6 19. Re1 Nd7 20.
Bg5 N7f6 21. Rc4 Qa5 22. Ra4 Qc5 23. Bxd5 exd5 24. Be3 Qc7 25. Rxa7 Bh6 26.
Qb5 Bxe3 27. fxe3 Re7 28. Qa5 Qb8 29. Qb6 Rd6 30. Qa5 Rd8 31. Qa3 Rde8 32.
Nh2 Qg3 33. Re2 Nh5 34. Nf1 Qb8 35. Ra5 b6 36. Ra6 Qb7 37. Rd2 Nf6 38. Qa4
Ne4 39. Qb5 Nxd2 40. Rxb6 Qa7 41. Nxd2 Rxe3 42. Qa6 Qxa6 43. Rxa6 Re2 44.
Nf3 Rxb2 45. Nd4 Re3 46. Ra5 Rxc3 47. Rxd5 Rxa2 48. Kh2 h5 49. Nb5 Rcc2 50.
Rg5 Ra5 51. Rd5 Kg7 0-1

[Event "38th Olympiad"]
[Site "Dresden GER"]
[Date "2008.11.16"]
[Round "4"]
[White "Campora,D"]
[Black "Karttunen,M"]
[Result "1/2-1/2"]
[WhiteElo "2537"]
[BlackElo "2411"]
[EventDate "2008.11.13"]

1. e4 d5 2. exd5 Nf6 3. d4 Nxd5 4. Nf3 g6 5. Be2 Bg7 6. O-O O-O 7. c4 Nb6
8. Nc3 c5 9. Be3 Na6 10. dxc5 Nd7 11. Qb3 Naxc5 12. Qa3 b6 13. Rfd1 a5 14.
Bd4 Bb7 15. Bxg7 Kxg7 16. Ne5 Qe8 17. Nxd7 Nxd7 18. Nd5 Bxd5 19. cxd5 Nc5
20. Bf3 Qb8 21. Qc3+ Kg8 22. d6 Ra7 23. dxe7 Rxe7 24. g3 Rfe8 25. Rd5 Ne4
26. Qd4 Re5 27. Rxe5 Qxe5 28. Qxe5 Rxe5 29. Rd1 Kg7 30. Kg2 Nf6 31. Rd6 Rb5
32. b3 Rb4 33. h4 h5 34. Kf1 a4 35. bxa4 Rxa4 36. Rxb6 Rxa2 37. Rd6 Ra7 38.
Kg2 1/2-1/2

[Event "38th Olympiad"]
[Site "Dresden GER"]
[Date "2008.11.16"]
[Round "4"]
[White "Picado,J"]
[Black "Moradiabadi,E"]
[Result "0-1"]
[WhiteElo "2219"]
[BlackElo "2499"]
[EventDate "2008.11.13"]

1. e4 e5 2. Nf3 Nc6 3. Bb5 a6 4. Bxc6 dxc6 5. O-O Qf6 6. d4 exd4 7. Bg5 Qd6
8. Qxd4 Qxd4 9. Nxd4 c5 10. Nb3 Be6 11. Nc3 h6 12. Bh4 Bd6 13. Rfd1 Ne7 14.
Bxe7 Bxe7 15. Nd5 Bd6 16. Nxc5 Bxc5 17. Nxc7+ Ke7 18. Nxa8 Rxa8 19. b3 b5
20. a4 b4 21. Kf1 Bd6 22. Rd2 Rc8 23. h3 Bf4 24. Re2 Be5 25. Rd1 g5 26. Rd3
a5 27. Ke1 Rc5 28. Kd1 h5 29. Kc1 g4 30. hxg4 hxg4 31. g3 Bc3 32. Ree3 Bf6
33. Re1 Rh5 34. Kd1 Bc3 35. Rf1 Bc8 36. Rd5 Rxd5+ 37. exd5 Bf5 38. Rh1 Kd6
39. Rh5 Bg6 40. Rh4 Bf6 41. Rh1 Ke5 0-1